The stonecutter / (Record no. 233228)
[ view plain ]
| 000 -LEADER | |
|---|---|
| fixed length control field | 01776cam a2200421 a 4500 |
| 001 - CONTROL NUMBER | |
| control field | 18151694 |
| 003 - CONTROL NUMBER IDENTIFIER | |
| control field | Nust |
| 005 - DATE AND TIME OF LATEST TRANSACTION | |
| control field | 20170305160852.0 |
| 008 - FIXED-LENGTH DATA ELEMENTS--GENERAL INFORMATION | |
| fixed length control field | 140514t20122008cau 000 1 eng d |
| 010 ## - LIBRARY OF CONGRESS CONTROL NUMBER | |
| LC control number | 2013498605 |
| 020 ## - INTERNATIONAL STANDARD BOOK NUMBER | |
| International Standard Book Number | 9780007420766 |
| 035 ## - SYSTEM CONTROL NUMBER | |
| System control number | (OCoLC)ocn781646519 |
| 040 ## - CATALOGING SOURCE | |
| Original cataloging agency | UPZ |
| Transcribing agency | UPZ |
| Modifying agency | BTCTA |
| -- | BDX |
| -- | YDXCP |
| -- | YEQ |
| -- | MR0 |
| -- | SHM |
| -- | CDX |
| -- | OCLCF |
| -- | P4I |
| -- | DLC |
| 041 1# - LANGUAGE CODE | |
| Language code of text/sound track or separate title | eng |
| Language code of original | swe |
| 042 ## - AUTHENTICATION CODE | |
| Authentication code | lccopycat |
| 043 ## - GEOGRAPHIC AREA CODE | |
| Geographic area code | e-sw--- |
| 050 00 - LIBRARY OF CONGRESS CALL NUMBER | |
| Classification number | PT9877.22.A34 |
| Item number | S7313 2012b |
| 082 04 - DEWEY DECIMAL CLASSIFICATION NUMBER | |
| Classification number | 839.738 |
| Author Mark | LAC |
| 100 1# - MAIN ENTRY--PERSONAL NAME | |
| Personal name | Läckberg, Camilla, |
| Dates associated with a name | 1974- |
| 240 10 - UNIFORM TITLE | |
| Uniform title | Stenhuggaren. |
| Language of a work | English |
| 245 14 - TITLE STATEMENT | |
| Title | The stonecutter / |
| Statement of responsibility, etc. | Camilla Läckberg ; translated by Steven T. Murray. |
| 250 ## - EDITION STATEMENT | |
| Edition statement | 1st Pegasus Books ed. |
| 260 ## - PUBLICATION, DISTRIBUTION, ETC. | |
| Place of publication, distribution, etc. | Berkeley, Calif. : |
| Name of publisher, distributor, etc. | Pegasus Books, |
| Date of publication, distribution, etc. | 2012. |
| 300 ## - PHYSICAL DESCRIPTION | |
| Extent | 565 p. ; |
| Dimensions | 24 cm. |
| 500 ## - GENERAL NOTE | |
| General note | Translated from the Swedish. |
| 520 ## - SUMMARY, ETC. | |
| Summary, etc. | When a young girl's body is pulled out of the harbor in the small Swedish resort town of Fjallbacka, Det. Patrik Hedström becomes the lead investigator as he struggles with lazy and inept colleagues and an even remoter-than-usual boss. It's his grim task to discover who could be behind the murder of the child both he and his partner Erica knew well. |
| 650 #0 - SUBJECT ADDED ENTRY--TOPICAL TERM | |
| Topical term or geographic name entry element | Murder |
| General subdivision | Investigation |
| Form subdivision | Fiction. |
| 650 #0 - SUBJECT ADDED ENTRY--TOPICAL TERM | |
| Topical term or geographic name entry element | Children |
| General subdivision | Crimes against |
| Form subdivision | Fiction. |
| 650 #0 - SUBJECT ADDED ENTRY--TOPICAL TERM | |
| Topical term or geographic name entry element | City and town life |
| Geographic subdivision | Sweden |
| Form subdivision | Fiction. |
| 650 #0 - SUBJECT ADDED ENTRY--TOPICAL TERM | |
| Topical term or geographic name entry element | Police |
| Geographic subdivision | Sweden |
| Form subdivision | Fiction. |
| 650 #0 - SUBJECT ADDED ENTRY--TOPICAL TERM | |
| Topical term or geographic name entry element | Drowning victims |
| Form subdivision | Fiction. |
| 650 #0 - SUBJECT ADDED ENTRY--TOPICAL TERM | |
| Topical term or geographic name entry element | Postpartum depression |
| Form subdivision | Fiction. |
| 650 #0 - SUBJECT ADDED ENTRY--TOPICAL TERM | |
| Topical term or geographic name entry element | Girls |
| General subdivision | Crimes against |
| Form subdivision | Fiction. |
| 655 #7 - INDEX TERM--GENRE/FORM | |
| Genre/form data or focus term | Mystery fiction. |
| Source of term | gsafd |
| 700 1# - ADDED ENTRY--PERSONAL NAME | |
| Personal name | Murray, Steven T. |
| 906 ## - LOCAL DATA ELEMENT F, LDF (RLIN) | |
| a | 7 |
| b | cbc |
| c | copycat |
| d | 2 |
| e | ncip |
| f | 20 |
| g | y-gencatlg |
| 942 ## - ADDED ENTRY ELEMENTS (KOHA) | |
| Source of classification or shelving scheme | |
| Koha item type | Book |
| Withdrawn status | Lost status | Source of classification or shelving scheme | Damaged status | Not for loan | Permanent Location | Current Location | Shelving location | Date acquired | Total Checkouts | Total Renewals | Full call number | Barcode | Date last seen | Date last checked out | Copy number | Price effective from | Koha item type |
|---|---|---|---|---|---|---|---|---|---|---|---|---|---|---|---|---|---|
| Central Library (CL) | Central Library (CL) | Fiction | 03/05/2017 | 2 | 3 | 839.738 LAC | CL3147 | 01/30/2026 | 10/08/2025 | 1 | 03/05/2017 | Book |
